| 000 | 00877nam a2200205Ii 4500 | ||
|---|---|---|---|
| 003 | JO-AjNU | ||
| 008 | 230605s9999||||xx |||||||||||||| ||und|| | ||
| 017 | _a1986/1491 | ||
| 040 |
_aJO-AjNU _bara _erda _cJO-AjNU |
||
| 041 | _aara | ||
| 050 | 1 | 4 | _aHF 5549 .5 .A78 .B39 1986 |
| 100 | 3 |
_aالبياع، محمد حسن عبد الهادي, _eauthor _939024 |
|
| 245 | 0 | 0 | _aالتنمية الادارية ودورها في معالجة المشكلات الادارية |
| 264 | 3 | 1 | _aبغداد:دار واسط للدراسات والنشر والتوزيع،1986 |
| 300 |
_a168ص _bيحتوي على ببلوغرافية من ص163-168ص |
||
| 336 |
_atext _btxt _2rdacontent |
||
| 337 |
_aunmediated _bn _2rdamedia |
||
| 338 |
_avolume _bnc _2rdacarrier |
||
| 650 | 4 |
_aالتنمية الإدارية - التدريب الاداري - المشاكل الادارية _939025 |
|
| 999 |
_aA16446 _c20014 _d20014 |
||